000 00534nam a2200157 a 4500
001 000035217
005 20200930074201.0
008 111026s1963 sp 000 0 spa d
040 _aDO-SdBNP
_bspa
_cBNPHU
082 _axxx
110 1 _aIglesia Catolica
_bPapa (1958-1963 : Juan XXIII)
_960269
240 1 0 _aPacem in terris
_lespañol
245 1 3 _aCarta encíclica de nuestro Santísimo Señor Juan por la Divina Providencia, Papa XXIII.
260 _aMadrid, España :
_bApostolado de la prensa,
_c1963.
300 _a62 p. ;
_c18 cm.
999 _c34708
_d34708